<?xml version="1.0" encoding="UTF-8"?>
<record
    xmlns:xsi="http://www.w3.org/2001/XMLSchema-instance"
    xsi:schemaLocation="http://www.loc.gov/MARC21/slim http://www.loc.gov/standards/marcxml/schema/MARC21slim.xsd"
    xmlns="http://www.loc.gov/MARC21/slim">

  <leader>00946nas a2200253 454500</leader>
  <controlfield tag="001">43781</controlfield>
  <controlfield tag="005">20260407193511.0</controlfield>
  <controlfield tag="008">260407s1992####ag###########|||spa#d</controlfield>
  <controlfield tag="003">AR-UNSa-BCEJYS</controlfield>
  <datafield tag="040" ind1=" " ind2=" ">
    <subfield code="a">AR-UNSa-BCEJYS</subfield>
    <subfield code="b">spa</subfield>
    <subfield code="c">AR-UNSa-BCEJYS</subfield>
  </datafield>
  <datafield tag="080" ind1=" " ind2=" ">
    <subfield code="a">636</subfield>
    <subfield code="x"> Explotaci&#xF3;n y cr&#xED;a de animales en general. Cr&#xED;a de ganado. Cr&#xED;a de animales dom&#xE9;sticos</subfield>
  </datafield>
  <datafield tag="245" ind1="1" ind2="0">
    <subfield code="a">Situaci&#xF3;n del mercado de carnes</subfield>
  </datafield>
  <datafield tag="264" ind1=" " ind2="1">
    <subfield code="a">Buenos Aires :</subfield>
    <subfield code="b">SAGyP</subfield>
    <subfield code="c">1992</subfield>
  </datafield>
  <datafield tag="310" ind1=" " ind2=" ">
    <subfield code="a">Frecuencia: Irregular</subfield>
  </datafield>
  <datafield tag="041" ind1=" " ind2=" ">
    <subfield code="a">spa</subfield>
  </datafield>
  <datafield tag="942" ind1=" " ind2=" ">
    <subfield code="c">SER</subfield>
  </datafield>
  <datafield tag="590" ind1=" " ind2=" ">
    <subfield code="a">niveau_biblio:s niveau_hierar:1</subfield>
  </datafield>
  <datafield tag="100" ind1="1" ind2=" ">
    <subfield code="a">Argentina. Ministerio de Econom&#xED;a y Obras y Servicios P&#xFA;blicos. Secretar&#xED;a de Agricultura Ganader&#xED;a y Pesca (SAGyP)</subfield>
  </datafield>
  <datafield tag="650" ind1=" " ind2=" ">
    <subfield code="a">Producci&#xF3;n agr&#xED;cola</subfield>
  </datafield>
  <datafield tag="650" ind1=" " ind2=" ">
    <subfield code="a">Producto de origen animal</subfield>
  </datafield>
  <datafield tag="650" ind1=" " ind2=" ">
    <subfield code="a">Carne</subfield>
  </datafield>
  <datafield tag="650" ind1=" " ind2=" ">
    <subfield code="a">Comercio internacional</subfield>
  </datafield>
  <datafield tag="856" ind1="4" ind2="1">
    <subfield code="u">https://biblioeco.unsa.edu.ar/pmb/images/revistas/R21383.jpg</subfield>
    <subfield code="y">Imagen de portada</subfield>
    <subfield code="q">image/jpeg</subfield>
  </datafield>
  <datafield tag="999" ind1=" " ind2=" ">
    <subfield code="c">8915</subfield>
    <subfield code="d">8915</subfield>
  </datafield>
  <datafield tag="952" ind1=" " ind2=" ">
    <subfield code="0">0</subfield>
    <subfield code="1">0</subfield>
    <subfield code="4">0</subfield>
    <subfield code="7">0</subfield>
    <subfield code="a">BCEJYS</subfield>
    <subfield code="b">BCEJYS</subfield>
    <subfield code="c">13</subfield>
    <subfield code="d">1996-01-01</subfield>
    <subfield code="h">A&#xF1;o VI, N&#xBA; 26 - ene./dic. 1996</subfield>
    <subfield code="l">0</subfield>
    <subfield code="o">H636 SMC a6.n26</subfield>
    <subfield code="p">R21387</subfield>
    <subfield code="r">2026-04-10 16:10:06</subfield>
    <subfield code="w">2026-04-10</subfield>
    <subfield code="y">RN</subfield>
  </datafield>
  <datafield tag="952" ind1=" " ind2=" ">
    <subfield code="0">0</subfield>
    <subfield code="1">0</subfield>
    <subfield code="4">0</subfield>
    <subfield code="7">0</subfield>
    <subfield code="a">BCEJYS</subfield>
    <subfield code="b">BCEJYS</subfield>
    <subfield code="c">13</subfield>
    <subfield code="d">1995-10-01</subfield>
    <subfield code="h">A&#xF1;o V, N&#xBA; 25 - oct./dic. 1995</subfield>
    <subfield code="l">0</subfield>
    <subfield code="o">H636 SMC a5.n25</subfield>
    <subfield code="p">R21386</subfield>
    <subfield code="r">2026-04-10 16:10:06</subfield>
    <subfield code="w">2026-04-10</subfield>
    <subfield code="y">RN</subfield>
  </datafield>
  <datafield tag="952" ind1=" " ind2=" ">
    <subfield code="0">0</subfield>
    <subfield code="1">0</subfield>
    <subfield code="4">0</subfield>
    <subfield code="7">0</subfield>
    <subfield code="a">BCEJYS</subfield>
    <subfield code="b">BCEJYS</subfield>
    <subfield code="c">13</subfield>
    <subfield code="d">1995-05-01</subfield>
    <subfield code="h">A&#xF1;o IV, N&#xBA; 24 - mayo/sep. 1995</subfield>
    <subfield code="l">0</subfield>
    <subfield code="o">H636 SMC a4.n24</subfield>
    <subfield code="p">R21383</subfield>
    <subfield code="r">2026-04-10 16:10:06</subfield>
    <subfield code="w">2026-04-10</subfield>
    <subfield code="y">RN</subfield>
  </datafield>
</record>
